Foot and mouth inquiries (Record no. 67987)

MARC details
000 -LEADER
fixed length control field 00987cam a2200217 4500
001 - CONTROL NUMBER
control field WB3731-55
008 - FIXED-LENGTH DATA ELEMENTS--GENERAL INFORMATION
fixed length control field 010810n2001 000 0 eng u
035 ## - SYSTEM CONTROL NUMBER
System control number (Sirsi) u114060
245 ## - TITLE STATEMENT
Title Foot and mouth inquiries
260 ## - PUBLICATION, DISTRIBUTION, ETC.
Date of publication, distribution, etc. 2001
490 ## - SERIES STATEMENT
Series statement 10 Downing Street Press Notice
Volume/sequential designation 9 August 2001 (6)
520 ## - SUMMARY, ETC.
Summary, etc. Government announces plans to conduct independent inquiries into the foot and mouth outbreak, finally dismissing industry calls for a public inquiry. The main inquiry will look at government handling of the crisis and has a wide brief to consider lessons to be learnt for the future. A second inquiry will be a scientific investigation of the disease. A Policy Commission will examine the future of British farming and food
590 ## - LOCAL NOTE (RLIN)
Local note WB
650 ## - SUBJECT ADDED ENTRY--TOPICAL TERM
Topical term or geographic name entry element FOOT-AND-MOUTH DISEASE
650 ## - SUBJECT ADDED ENTRY--TOPICAL TERM
Topical term or geographic name entry element INVESTIGATION
650 ## - SUBJECT ADDED ENTRY--TOPICAL TERM
Topical term or geographic name entry element PUBLIC INQUIRY
650 ## - SUBJECT ADDED ENTRY--TOPICAL TERM
Topical term or geographic name entry element GOVERNMENT POLICY
650 ## - SUBJECT ADDED ENTRY--TOPICAL TERM
Topical term or geographic name entry element AGRICULTURAL POLICY
690 ## - LOCAL SUBJECT ADDED ENTRY--TOPICAL TERM (OCLC, RLIN)
Topical term or geographic name as entry element RURAL-AGRICULTURE AND FORESTRY
942 ## - ADDED ENTRY ELEMENTS (KOHA)
Suppress in OPAC 0
Holdings
Withdrawn status Lost status Source of classification or shelving scheme Damaged status Not for loan Home library Current library Shelving location Date acquired Total Checkouts Full call number Barcode Date last seen Copy number Price effective from Koha item type
    Dewey Decimal Classification     London London News article 10/08/2001   WB3731-55 114060-1001 06/08/2019 1 06/08/2019 News article